00290nam a2200121Ia 4500008004100000082001600041100001700057245003600074250000900110260003300119300000800152650000800160191201s2008 xx 000 0 und d a658.15bMAI aMADURA, Jeff 0ainternational Corporate Finance aRep. aN.DelhibSouth Westernc2008 a707 aMBA